02107 a2200205 45000010006000000050017000060080041000230030015000640400040000790800017001192450022001362640042001583000022002005051586002220410008018081000032018167000017018487000015018657000021018804512920260407155726.0260407a1968 arg spa dAR-UNSa-BCEJYS aAR-UNSa-BCEJYSbspacAR-UNSa-BCEJYS a512xAlgebra10aAlgebra elemental 1aBarcelona :bMontaner y Simónc1968 ax, 528 p.c24 cm. a1. Definiciones. Sustituciones – 2. Cantidades negativas. Suma de términos semejantes – 3. Paréntesis. Suma – 4. Resta – 5. Multiplicación – 6. División – 7. Supresión e inserción de paréntesis – 8. Ecuaciones simples – 9. Expresión simbólica – 10. Problemas que conducen a ecuaciones simples – 11. Máximo común divisor y mínimo común múltiplo de expresiones simples – 12. Fracciones elementales – 13. Ecuaciones simultáneas – 14. Fracciones – 15. Potencias – 16. Radicación – 17. Descomposición en fracciones – 18. Máximo común divisor – 19. Fracciones – 20. Mínimo común múltiplo – 21. Suma y resta de fracciones – 22. Fracciones diversas – 23. Ecuaciones más complicadas – 24. Problemas más complicados – 25. Ecuaciones cuadráticas – 26. Ecuaciones cuadráticas simultáneas – 27. Problemas que conducen a ecuaciones cuadráticas – 28. Descomposición en factores más complicada – 29. Teoremas y ejemplos diversos – 30. La teoría de los exponentes – 31. Cantidades irracionales elementales – 32. Razón, proporción y variación – 33. Progresión aritmética - 34. Progresión geométrica – 35. Progresión armónica – 36. La teoría de la ecuaciones cuadráticas – 37. Permutaciones y combinaciones – 38. Teorema del binomio – 39. Logaritmos – 40. Sistemas de numeración – 41. Series exponenciales y logarítmicas – 42. Ecuaciones diversas – 43. Interés y anualidades – 44. Representación gráfica de funciones -  aspa1 aBlumovicz Perelberg, Susana1 aKnight, S.R.1 aHall, H.S.1 aAlonso, Santiago